000 02177nam a2200577 i 4500
001 36337
003 KOSZ 005
005 20201214090310.0
008 200716s1999 pl a f 000 0 pol
015 _aUWD 1999/15702
020 _a8387014184
035 _a991011499859705066
035 _a(PL-WaBN)b13127949-48omnis_nlop
035 _ab13127949
035 _a(OCoLC)749733557
035 _a(PL)b0000001312794
035 _a(EXLNZ-48OMNIS_NETWORK)9910499459405606
040 _aWA N
_cWA N
_dKOSZ 005/RW
041 1 _apol
_heng
046 _k1995
080 _a336
080 _a(075.8)
100 1 _aGroppelli, Angelico A.
_eAutor
245 1 0 _aWstęp do finansów /
_cA. A. Groppelli, Ehsan Nikbakht ; [przełożył Grzegorz Łętocha et al.].
246 1 _iTytuł oryginału:
_aFinance,
_f1995
260 _aWarszawa :
_bWIG-Press,
_c1999.
300 _aXXIII, [1], 465 stron :
_bwykresy ;
_c24 cm.
336 _aTekst
_btxt
_2rdacontent
337 _aBez urządzenia pośredniczącego
_bn
_2rdamedia
338 _aWolumin
_bnc
_2rdacarrier
380 _aKsiążki
380 _aPublikacje dydaktyczne
388 1 _a1901-2000
388 1 _a1989-2000
521 8 _aKsiążka przeznaczona jest przede wszystkim dla studentów finansów oraz dla praktyków, którym znajomość tego zagadnienia niezbędna jest do efektywnego prowadzenia firm i podejmowania trafnych decyzji inwestycyjnych.
650 7 _aFinanse
_2DBN
650 7 _aWycena przedsiębiorstwa
650 7 _aInwestycje
655 7 _aPodręczniki akademickie
_2DBN
658 _aGospodarka, ekonomia, finanse
700 1 _aNikbakht, Ehsan
_eAutor
700 1 _aŁętocha, Grzegorz
_eTłumaczenie
700 1 _aBorzęcki, Patryk
_eTłumaczenie
700 1 _aJasiński, Maciej
_eTłumaczenie
700 1 _aDróżdż, Grzegorz
_eTłumaczenie
700 1 _aNowak, Marek Feliks
_d(1949- )
_eTłumaczenie
710 2 _aWIG-Press
_4pbl
856 _uhttp://koha.tu.koszalin.pl/cgi-bin/koha/opac-detail.pl?biblionumber=36337
_yKatalog online BPK
942 _2UKD
_cKS
999 _c36337
_d36337